1033 1100 1054 1441 1238 1277 1736 1386 1526 1934 1945 1829 1020 1058 1283 1663 1531 1074 1555 1149 1850 1117 1179 1336 1814 1904 1920 1550 1209 1017 1167 1809 1443 1282 1399 1791 1858 1835 1412 1744 1440 1984 1380 1299 1140 1081 1997 1005 1773 1438 1719 1421 1138 1615 1426 1776 1005 1226 1292 1975 1842 1742 1946 1278 1034 1890 1946 1331 1566 1635 1303 1859 1170 1694 1610 1897 1724 1289 1384 1387 1284 1172 1588 1314 1448 1146 1359 1060 1090 1993 1423 1151 1527 1816 1007 1329 1481 1521 1004 BCNSPRNW ULIB Ver.6.0+V

เปลี่ยนเป็นภาษาไทย

Change to English
 แสดงรายละเอียดบรรณานุกรม
  กลับหน้าหลัก

Brief Record : Get Marc (ISO 2709) : E-mail record : QR code < ปิดหน้าต่าง
LEADER : 00000nam 2200000uu 4500
001    13399113489
003     ULIB
008    110627s||||||||th 000 0 tha d
020    97897487251
090    นว.^bค11ต มปป.
100 0  คุโรยานางิ เท็ตสึโก
245 00 โต๊ะโตะจัง เด็กหญิงข้างหน้าต่าง/^cคุโรยานางิ เท็ตสึโก
250    พิมพ์ครั้งที่ 4
260    กรุงเทพฯ :^bกะรัต,^cมปป.
300    216 หน้า
710 1  กะรัต
945    ^p0^l0^i019300
995    ทศพร
999 ^a ใช้งานได้ทุกระบบ
รายการนี้ยังไม่มีแท็ก
คุณยังไม่ได้ล็อกอิน คุณสามารถมีกิจกรรมร่วมกับเว็บไซต์ได้ แต่ต้องล็อกอินก่อน ::
  ล็อกอิน

รายการสื่อสารสนเทศ

ลำดับที่ ประเภท เลขเรียก/บาร์โค้ด สถานที่ สถานะ
1. นวนิยาย
นวนิยาย
นว. ค11ต มปป. ฉ.1 
  Barcode: 019300
ห้องสมุดวิทยาเขตสวรรค์ประชารักษ์
►นวนิยาย
บนชั้น
  ขอยืม

รายการใกล้เคียง
    ผู้แต่ง [คุโรยานางิ เท็ตสึโก]

BibComment


ยังไม่เคยถูกคอมเมนท์

คอมเมนท์ทรัพยากรรายการนี้
  คอมเมนท์: โต๊ะโตะจัง เด็กหญ..


 Copyright 2026. Bcnsprnw @Library